[Event "Padova op-A 17th"]
[Site "Padova"]
[Date "2014.12.18"]
[Round "6.28"]
[White "Mileto, Gabriele"]
[Black "Baschirotto, Marco"]
[Result "1-0"]
[WhiteElo "2175"]
[BlackElo "1903"]
[PlyCount "81"]
[EventDate "2014.12.14"]
[EventType "swiss"]
[EventRounds "9"]
[EventCountry "ITA"]
[SourceTitle "EXT 2024"]
[Source "ChessBase"]
[SourceDate "2023.10.10"]
[SourceVersion "1"]
[SourceVersionDate "2023.10.10"]
[SourceQuality "1"]

1. c4 Nf6 2. g3 c5 3. Bg2 Nc6 4. Nc3 g6 5. Nf3 Bg7 6. d4 cxd4 7. Nxd4 0-0 8. 0-0 Nxd4 9. Qxd4 d6 10. Qd3 Rb8 11. c5 Ne8 12. Rd1 Bd7 13. Be3 Bc6 14. cxd6 Nxd6 15. Bxa7 Rc8 16. Bd4 Bxg2 17. Bxg7 Kxg7 18. Qd4+ Kg8 19. Kxg2 Qa5 20. Nd5 Rfe8 21. Qe5 Qd8 22. Rac1 Rc6 23. e3 Qd7 24. Rxc6 Qxc6 25. Kg1 Nc8 26. Qd4 e5 27. Qc3 Re6 28. Qxc6 Rxc6 29. Nb4 Rc5 30. Rd7 Nb6 31. Rxb7 Nc4 32. b3 Nd2 33. Kg2 e4 34. g4 Nf3 35. Re7 f5 36. gxf5 gxf5 37. Kg3 h5 38. Rd7 h4+ 39. Kf4 Ne5 40. Rd5 Nd3+ 41. Kxf5 1-0

[Event "Padova op-A 17th"]
[Site "Padova"]
[Date "2014.12.16"]
[Round "3.25"]
[White "Baschirotto, Marco"]
[Black "Petkov, Vladimir"]
[Result "0-1"]
[WhiteElo "1903"]
[BlackElo "2525"]
[PlyCount "80"]
[EventDate "2014.12.14"]
[EventType "swiss"]
[EventRounds "9"]
[EventCountry "ITA"]
[SourceTitle "EXT 2024"]
[Source "ChessBase"]
[SourceDate "2023.10.10"]
[SourceVersion "1"]
[SourceVersionDate "2023.10.10"]
[SourceQuality "1"]

1. d4 Nf6 2. c4 Nc6 3. Nf3 e6 4. Nc3 Bb4 5. Bd2 0-0 6. e3 d6 7. Be2 e5 8. d5 Ne7 9. 0-0 a5 10. a3 Bc5 11. e4 Ng6 12. Be3 Bxe3 13. fxe3 Bd7 14. Qd2 Qb8 15. a4 Qa7 16. Ne1 Be8 17. Nd3 Nd7 18. g3 Nc5 19. Nxc5 Qxc5 20. b3 Bd7 21. Kg2 Ne7 22. Bd3 g6 23. Rf2 Kg7 24. Raf1 f6 25. h3 Rf7 26. Rf3 Raf8 27. Nb5 b6 28. Nc3 h5 29. Bc2 c6 30. dxc6 Bxc6 31. Nd5 Nxd5 32. exd5 Bd7 33. e4 Qc8 34. Rh1 f5 35. Qg5 f4 36. g4 Rh8 37. Rh2 hxg4 38. hxg4 Bxg4 39. Rxh8 Bxf3+ 40. Kxf3 Qxh8 0-1

[Event "Padova op-A 17th"]
[Site "Padova"]
[Date "2014.12.15"]
[Round "2.27"]
[White "Sorbera, Giovanni"]
[Black "Baschirotto, Marco"]
[Result "1/2-1/2"]
[WhiteElo "2166"]
[BlackElo "1903"]
[PlyCount "57"]
[EventDate "2014.12.14"]
[EventType "swiss"]
[EventRounds "9"]
[EventCountry "ITA"]
[SourceTitle "EXT 2024"]
[Source "ChessBase"]
[SourceDate "2023.10.10"]
[SourceVersion "1"]
[SourceVersionDate "2023.10.10"]
[SourceQuality "1"]

1. d4 d5 2. c4 c6 3. Nc3 Nf6 4. Nf3 a6 5. g3 e6 6. Bg2 Nbd7 7. cxd5 cxd5 8. Bf4 b5 9. Rc1 Bb7 10. 0-0 Rc8 11. Qd3 Qb6 12. Ne5 Be7 13. Nxd7 Kxd7 14. e4 Bb4 15. exd5 Nxd5 16. Nxd5 Bxd5 17. Bxd5 exd5 18. Rxc8 Rxc8 19. Qxh7 Qg6 20. Qxg6 fxg6 21. Rc1 Rxc1+ 22. Bxc1 Ke6 23. g4 Be7 24. Kf1 g5 25. Ke2 Bf6 26. Be3 a5 27. b3 b4 28. Kd3 Be7 29. h3 1/2-1/2

[Event "Padova op-A 15th"]
[Site "Padova"]
[Date "2012.12.22"]
[Round "8"]
[White "Baschirotto, Marco"]
[Black "Lantini, Marco"]
[Result "0-1"]
[WhiteElo "1888"]
[BlackElo "2186"]
[PlyCount "70"]
[EventDate "2012.12.16"]
[EventType "swiss"]
[EventRounds "9"]
[EventCountry "ITA"]
[SourceTitle "EXT 2024"]
[Source "ChessBase"]
[SourceDate "2023.10.10"]
[SourceVersion "1"]
[SourceVersionDate "2023.10.10"]
[SourceQuality "1"]

1. d4 Nf6 2. c4 e6 3. Nf3 c5 4. e3 cxd4 5. Nxd4 Be7 6. Nc3 0-0 7. Bd3 d6 8. 0-0 a6 9. b3 Qc7 10. Bb2 Nbd7 11. Rc1 b6 12. Ne4 Bb7 13. Nxf6+ Bxf6 14. Qh5 g6 15. Qh3 Nc5 16. Bb1 e5 17. Ne2 Qe7 18. g4 Ne4 19. Bxe4 Bxe4 20. Nc3 Bb7 21. e4 Bg5 22. Rcd1 f5 23. f3 Be3+ 24. Kg2 fxg4 25. fxg4 Bd4 26. Qd3 Qh4 27. Qe2 Rae8 28. h3 h5 29. gxh5 gxh5 30. Rxf8+ Rxf8 31. Rf1 Rxf1 32. Kxf1 Bc8 33. Qg2+ Kh7 34. Nd5 Bxh3 35. Nf6+ Qxf6+ 0-1

[Event "Padova op-A 15th"]
[Site "Padova"]
[Date "2012.12.16"]
[Round "1"]
[White "Baschirotto, Marco"]
[Black "Rossi, Carlo"]
[Result "0-1"]
[WhiteElo "1888"]
[BlackElo "2286"]
[PlyCount "47"]
[EventDate "2012.12.16"]
[EventType "swiss"]
[EventRounds "9"]
[EventCountry "ITA"]
[SourceTitle "EXT 2024"]
[Source "ChessBase"]
[SourceDate "2023.10.10"]
[SourceVersion "1"]
[SourceVersionDate "2023.10.10"]
[SourceQuality "1"]

1. d4 Nc6 2. Nf3 d6 3. c4 g6 4. g3 Bg7 5. Bg2 Bg4 6. h3 Bxf3 7. Bxf3 Nxd4 8. Bxb7 c5 9. e3 Rb8 10. Bg2 Ne6 11. Qa4+ Kf8 12. Nc3 Rb4 13. Qxa7 Rxc4 14. 0-0 Nf6 15. Nd5 Nxd5 16. Bxd5 Rb4 17. a3 Rb8 18. Rb1 Nc7 19. Ba2 Nb5 20. Qa4 Bf6 21. Qc4 e6 22. a4 Nc7 23. b4 cxb4 24. Rxb4 0-1

[Event "Pedavena op-B 2nd"]
[Site "Pedavena"]
[Date "2006.08.01"]
[Round "1"]
[White "Dalle Case, Rossano"]
[Black "Baschirotto, Marco"]
[Result "0-1"]
[WhiteElo "1434"]
[BlackElo "1637"]
[PlyCount "28"]
[EventDate "2006.08.01"]
[EventType "swiss"]
[EventRounds "7"]
[EventCountry "ITA"]
[SourceTitle "EXT 2023"]
[Source "ChessBase"]
[SourceDate "2022.10.05"]
[SourceVersion "1"]
[SourceVersionDate "2022.10.05"]
[SourceQuality "1"]

1. d4 d5 2. Nf3 c6 3. e3 Nf6 4. c4 e6 5. Bd3 dxc4 6. Bxc4 Bd6 7. 0-0 Nbd7 8. Qc2 b5 9. Bd3 Bb7 10. Ng5 Bxh2+ 11. Kxh2 Ng4+ 12. Kg1 Qxg5 13. e4 Qh4 14. f3 Qh2# 0-1

[Event "Treviso U2100 op"]
[Site "Treviso"]
[Date "2005.12.08"]
[Round "4.26"]
[White "Sorbera, Enrico"]
[Black "Baschirotto, Marco"]
[Result "0-1"]
[WhiteElo "1389"]
[BlackElo "1544"]
[PlyCount "52"]
[EventDate "2005.12.03"]
[EventType "swiss"]
[EventRounds "5"]
[EventCountry "ITA"]
[SourceTitle "EXT 2024"]
[Source "ChessBase"]
[SourceDate "2023.10.10"]
[SourceVersion "1"]
[SourceVersionDate "2023.10.10"]
[SourceQuality "1"]

1. e4 d6 2. d4 Nf6 3. Nc3 g6 4. h3 Bg7 5. Nf3 0-0 6. e5 Ne8 7. exd6 Nxd6 8. Bf4 c6 9. Qd2 Re8 10. Rd1 e6 11. Be5 f6 12. Bxd6 Qxd6 13. Ne4 Qc7 14. Qc3 Nd7 15. Nc5 Nxc5 16. dxc5 b6 17. cxb6 axb6 18. b4 Rxa2 19. Bb5 Bb7 20. 0-0 Re7 21. Qb3 Ra8 22. Bc4 Bc8 23. Rfe1 Bb7 24. Rxe6 Rxe6 25. Bxe6+ Kh8 26. Rd7 Ra1+ 0-1